000 00308 a2200133 4500
001 153670
040 _cEscola São Tomás de Aquino
240 1 0 _aO livro da com-fusão
_lpor
245 1 0 _aO livro da com-fusão
362 0 _a2009
440 1 _aMelhoramentos
697 _a*LITERATURA INFANTO
942 _cBK
999 _c153670
_d153670